| 000 | 00470nam a2200169Ia 4500 | ||
|---|---|---|---|
| 005 | 20250424120323.0 | ||
| 008 | 250424s9999 xx 000 0 und d | ||
| 022 | _a27053598 | ||
| 050 | _aJZ 5584.N6 .S65/ | ||
| 245 | 0 | _aSokoto journal of peace studies | |
| 260 | _aSokoto, Nigeria | ||
| 260 | _bCaglayan | ||
| 260 | _c2018 | ||
| 300 | _a59 p. ; 22 cm. | ||
| 650 | _aPeace-building--Nigeria--Periodicals. Conflict management--Nigeria--Periodicals. | ||
| 942 | _cSR | ||
| 999 |
_c38644 _d38644 |
||